Normal view
MARC view
Entry Término temático
001 - NÚMERO DE CONTROL
- campo de control: 141035
003 - IDENTIFICADOR DEL NÚMERO DE CONTROL
- campo de control: OSt
005 - FECHA Y HORA DE LA ÚLTIMA TRANSACCIÓN
- campo de control: 20220127155958.0
008 - DATOS DE LONGITUD FIJA
- campo de control de longitud fija: 220127|| aca||aabn | a|a d
040 ## - FUENTE DE LA CATALOGACIÓN
- Centro catalogador/agencia de origen: OSt
- Centro/agencia transcriptor: OSt
150 ## - ENCABEZAMIENTO--TÉRMINO DE MATERIA
- Término de materia o nombre geográfico como elemento de entrada: Ganado lanar
- Subdivisión general: Cría de I. Asociación Mexicana de Técnicos Especialistas en Ovinocultura II. Universidad Autónoma Chapingo. Programa de Posgrado en Producción Animal
670 ## - FUENTE DE DATOS ENCONTRADOS
- Cita de la fuente: Work cat.: (OSt)166888: Curso Bases de la Cría Ovina (5 : 2000 : Chapingo, Méx.) 141034, Memorias /, 2000
